[Event "51st Saaremaa Cup"]
[Site "Kuressaare"]
[Date "2022.06.07"]
[Round "4"]
[White "Aura, Kristian"]
[Black "Kiik, Kalle"]
[Result "1/2-1/2"]
[WhiteElo "1915"]
[BlackElo "2381"]
[EventDate "2022.06.07"]

1.d4 d5 2.Nf3 c5 3.c4 e6 4.cxd5 exd5 5.Nc3 Nc6 6.g3 c4 7.Bg2 Bb4 8.O-O 
Nge7 9.Re1 O-O 10.e4 dxe4 11.Rxe4 Bf5 12.Re1 Bd3 13.Ne5 Qxd4 14.Nxd3 cxd3 
15.Be3 Qd7 16.Qb3 a5 17.a3 a4 18.Qc4 Ba5 19.Red1 Rfd8 20.Nxa4 Qf5 21.Nc5 
Ne5 22.Qe4 Bc7 23.Nxb7 Re8 24.Nc5 Qh5 25.h3 f5 26.Qh4 Qf7 27.Nxd3 N5g6 28.
Qh5 Rab8 29.b4 Nd5 30.Nf4 Nc3 31.Rd3 Ne4 32.Rad1 Bxf4 33.Bxf4 Rbc8 34.Rf3 
Qe6 35.Be3 Rf8 36.Bc5 Nxc5 37.bxc5 Rxc5 38.Rc3 Ra5 39.Rdd3 Qb6 40.Rd5 Rxd5
41.Bxd5+ Kh8 42.Qe2 f4 43.g4 1/2-1/2

[Event "51st Saaremaa Cup"]
[Site "Kuressaare"]
[Date "2022.06.07"]
[Round "4"]
[White "Obolonin, Filipp"]
[Black "Medar, Marti"]
[Result "0-1"]
[WhiteElo "1894"]
[BlackElo "2063"]
[EventDate "2022.06.07"]

1.d4 Nf6 2.c4 e6 3.Nf3 c5 4.g3 cxd4 5.Nxd4 a6 6.Bg2 Qc7 7.b3 Bb4+ 8.Bd2 
Bc5 9.e3 Nc6 10.Nc2 d5 11.cxd5 Nxd5 12.Nc3 Nce7 13.Na4 Ba7 14.Rc1 b5 15.
Nb4 Qd6 16.Nxd5 exd5 17.Nc3 b4 18.Ne2 Bg4 19.O-O O-O 20.Qe1 a5 21.h3 Bf5 
22.Qd1 Rac8 23.Re1 Be4 24.Nd4 Qf6 25.Nb5 Bb8 26.Rxc8 Rxc8 27.Bxe4 dxe4 28.
a3 Qf5 29.Nd4 Qxh3 30.axb4 Ng6 31.Qe2 Ne5 32.Qf1 Qg4 33.bxa5 h5 34.Qe2 
Nf3+ 35.Kg2 h4 36.Rh1 hxg3 37.Nxf3 gxf2+ 38.Kxf2 Bg3+ 39.Kg2 Bh4+ 40.Kf1 
exf3 41.Qh2 g5 42.Rg1 Qe4 43.Qd6 Qb1+ 0-1

[Event "51st Saaremaa Cup"]
[Site "Kuressaare"]
[Date "2022.06.07"]
[Round "4"]
[White "Haavamae, Henrik"]
[Black "Hansson, Markus"]
[Result "1/2-1/2"]
[WhiteElo "2138"]
[BlackElo "1724"]
[EventDate "2022.06.07"]

1.e4 e6 2.d4 d5 3.Nc3 Bb4 4.e5 c5 5.a3 Bxc3+ 6.bxc3 Ne7 7.Bd3 Nbc6 8.Qg4 
Kf8 9.Nf3 Qa5 10.Bd2 Qa4 11.Qf4 h6 12.dxc5 Qa5 13.Nd4 a6 14.h4 Qxc5 15.Qe3
Qa5 16.g4 Qc7 17.f4 Ke8 18.O-O Na5 19.Be1 Nc4 20.Qe2 g6 21.Bg3 Rg8 22.Kh2 
b6 23.Rf3 Nb2 24.Qd2 1/2-1/2

[Event "51st Saaremaa Cup"]
[Site "Kuressaare"]
[Date "2022.06.07"]
[Round "4"]
[White "Burkova, Milde"]
[Black "Mendoza, Jonathan"]
[Result "0-1"]
[WhiteElo "1647"]
[BlackElo "1785"]
[EventDate "2022.06.07"]

1.d4 Nf6 2.c4 g6 3.Nc3 Bg7 4.e4 d6 5.Nf3 O-O 6.h3 e5 7.d5 a5 8.Bd3 Na6 9.
O-O Nc5 10.Bc2 Nh5 11.Be3 Nf4 12.Qd2 g5 13.Nh2 h5 14.f3 f5 15.Bxf4 exf4 
16.exf5 Bxf5 17.Bxf5 Rxf5 18.Rae1 Bxc3 19.Qxc3 Qf6 20.Qxf6 Rxf6 21.Re7 Rf7
22.Rfe1 Kf8 23.R7e2 Nd3 24.Rd1 Ne5 25.Re4 Re8 26.Rde1 Rfe7 27.b3 Ng6 28.
Kf2 Rxe4 29.fxe4 Ne5 30.Rd1 Nd7 31.Nf3 g4 32.hxg4 hxg4 33.Ng5 Nc5 34.Rd4 
Re5 35.Ne6+ Nxe6 36.dxe6 Rxe6 37.Rd5 Re5 38.Rd4 Ke7 39.g3 f3 40.Ke3 Rg5 
41.Kf4 Rg8 42.Rd1 Ke6 43.Rh1 Rf8+ 44.Kxg4 f2 45.Rf1 Ke5 46.Kh3 Kxe4 47.Kg2
Ke3 48.g4 Ke2 49.g5 Rf5 0-1

[Event "51st Saaremaa Cup"]
[Site "Kuressaare"]
[Date "2022.06.08"]
[Round "5"]
[White "Chukavin, Kirill"]
[Black "Wartiovaara, Oliver"]
[Result "1-0"]
[WhiteElo "2417"]
[BlackElo "2158"]
[EventDate "2022.06.08"]

1.e4 c5 2.Nc3 d6 3.Nf3 Nf6 4.d4 cxd4 5.Nxd4 a6 6.g3 e5 7.Nde2 Be7 8.Bg2 b5
9.Nd5 Nbd7 10.Nec3 Bb7 11.O-O Nxd5 12.Nxd5 Nf6 13.Nxf6+ Bxf6 14.Be3 O-O 
15.a4 bxa4 16.Rxa4 a5 17.Qd2 Bc6 18.Ra2 a4 19.b4 axb3 20.cxb3 Rxa2 21.Qxa2
Qb8 22.Rc1 Qb7 23.Qa7 Rc8 24.b4 h6 25.Bb6 Qxa7 26.Bxa7 Bg5 27.Rd1 Bb7 28.
h4 Rc1 29.Rxc1 Bxc1 30.Bb8 Ba3 31.Bxd6 f6 32.f3 Kf7 33.Bh3 h5 34.Kf2 g5 
35.Bf5 gxh4 36.gxh4 Bc6 37.Bh3 Bb5 38.Bc5 Bc1 39.Be3 Ba3 40.Bc5 Bc1 41.Be3
Ba3 42.Bd2 Bb2 43.Bf1 Bd4+ 44.Ke1 Bxf1 45.Kxf1 Ke6 46.Ke2 Kd6 47.Be3 Bc3 
48.b5 Bb4 49.Bh6 Kc5 50.Bg7 Kxb5 51.Bxf6 Bd6 52.f4 exf4 53.Kf3 Kc6 54.e5 
Bb4 55.Kxf4 Bd2+ 56.Kf5 Kd7 57.Bg5 Bc3 58.Bf4 Ke7 59.Bg3 Bd2 60.Bf4 Bc3 
61.Be3 Be1 62.Bg5+ Kf7 63.e6+ Kg7 64.Bf6+ Kg8 65.Kg6 1-0

[Event "51st Saaremaa Cup"]
[Site "Kuressaare"]
[Date "2022.06.08"]
[Round "5"]
[White "Volodin, Aleksandr"]
[Black "Sinitsina, Anastassia"]
[Result "1/2-1/2"]
[WhiteElo "2459"]
[BlackElo "2203"]
[EventDate "2022.06.08"]

1.d4 Nf6 2.c4 g6 3.g3 Bg7 4.Bg2 d5 5.cxd5 Nxd5 6.e4 Nb6 7.Ne2 O-O 8.O-O 
Nc6 9.d5 Na5 10.Nbc3 e6 11.Bf4 exd5 12.exd5 Nac4 13.b3 Nd6 14.Rc1 Bd7 15.
a4 Re8 16.Qd2 a6 17.h3 Nbc8 18.Rfd1 Be5 19.Be3 Nf5 20.Bg5 f6 21.Bf4 Ncd6 
22.Bxe5 fxe5 23.Re1 Rc8 24.g4 Nh4 25.Ng3 g5 26.Nce4 h6 27.Qb4 Nxe4 28.Bxe4
b6 29.Re3 Rf8 30.Nh5 Be8 31.Bh7+ Kf7 32.Rcc3 Qxd5 33.Be4 Qd1+ 34.Kh2 a5 
35.Qc4+ Ke7 36.Bf5 Qd6 37.Rcd3 Nxf5 38.gxf5 Bf7 39.Qc3 Bxh5 40.Rxd6 cxd6 
41.Qd3 Rc5 42.Kg3 Be8 43.Qa6 Rc6 44.Rf3 Rf6 45.Qa8 Bd7 46.Qh8 Be8 47.Qg8 
Bf7 48.Qb8 Be8 49.Qa7+ Bd7 50.Qb7 d5 51.Qb8 Rcd6 52.Qh8 e4 53.Qg7+ Kd8 54.
Qh8+ Be8 55.Rc3 Rxf5 56.Qg7 Bd7 57.Qh8+ Be8 58.Qg7 Bd7 59.Qh8+ Be8 1/2-1/2

[Event "51st Saaremaa Cup"]
[Site "Kuressaare"]
[Date "2022.06.08"]
[Round "5"]
[White "Kanep, Meelis"]
[Black "Seeman, Tarvo"]
[Result "1/2-1/2"]
[WhiteElo "2424"]
[BlackElo "2411"]
[EventDate "2022.06.08"]

1.d4 c5 2.d5 Nf6 3.Nc3 g6 4.e4 d6 5.Be2 Bg7 6.Nf3 O-O 7.O-O Bg4 8.h3 Bxf3 
9.Bxf3 Nbd7 10.a4 Ne8 11.Re1 Nc7 12.Bg5 Re8 13.Be2 b6 14.h4 a6 15.h5 Rb8 
16.Qc1 b5 17.Bf1 Nf6 18.hxg6 hxg6 19.axb5 axb5 20.Qf4 Nh7 21.Bh4 Qc8 22.
Bg3 Nf6 23.Qf3 Nd7 24.Ra5 c4 25.Nd1 Ra8 26.Rxa8 Qxa8 27.Bf4 Qa5 28.c3 Qa2 
29.Qe2 Na6 30.Qc2 Nac5 31.Be3 Qb3 32.Qb1 Ra8 33.f4 Qa2 34.Qc2 Qa4 35.Qb1 
Qa2 36.Qc2 Qa4 37.Qb1 1/2-1/2

[Event "51st Saaremaa Cup"]
[Site "Kuressaare"]
[Date "2022.06.08"]
[Round "5"]
[White "Sadekov, Maksim"]
[Black "Sirp, Karl Aleksander"]
[Result "0-1"]
[WhiteElo "1993"]
[BlackElo "1957"]
[EventDate "2022.06.08"]

1.d4 Nf6 2.c4 e6 3.Nf3 d5 4.Nc3 c6 5.cxd5 exd5 6.Bg5 h6 7.Bxf6 Qxf6 8.e3 
Bf5 9.h3 Bd6 10.Bd3 O-O 11.Bxf5 Qxf5 12.Qe2 Nd7 13.O-O Nf6 14.a3 a5 15.
Rab1 Ne4 16.Nxe4 dxe4 17.Nd2 Rae8 18.b4 axb4 19.axb4 Re6 20.b5 Rg6 21.Kh1 
c5 22.dxc5 Bxc5 23.Nc4 Ba7 24.f4 exf3 25.Qxf3 Qe6 26.Nb2 Bb8 27.Nd3 Rg3 
28.Qf5 Qxe3 29.Rf3 Rxf3 30.Qxf3 Qd4 31.Rf1 Qd6 32.Nf4 g5 33.Qg3 Qf6 34.h4 
Bxf4 35.hxg5 Bxg3 36.gxf6 h5 37.Rf5 h4 38.Rg5+ Kh7 39.Kg1 Re8 0-1

[Event "51st Saaremaa Cup"]
[Site "Kuressaare"]
[Date "2022.06.08"]
[Round "5"]
[White "Rychagov, Nikita"]
[Black "Medar, Marti"]
[Result "1-0"]
[WhiteElo "2058"]
[BlackElo "2063"]
[EventDate "2022.06.08"]

1.e4 d6 2.d4 Nf6 3.Nc3 Nbd7 4.f4 e5 5.Nf3 exd4 6.Qxd4 c6 7.Be3 d5 8.e5 Ng4
9.Bg1 Bc5 10.Qd2 Bxg1 11.Rxg1 Qb6 12.O-O-O Qe3 13.h3 Qxd2+ 14.Kxd2 Nf2 15.
Re1 Nc5 16.Ke3 Nfe4 17.Nxe4 Nxe4 18.c4 Be6 19.g4 g6 20.Nd4 Bd7 21.cxd5 
cxd5 22.Bg2 h5 23.Bxe4 dxe4 24.f5 O-O-O 25.e6 fxe6 26.fxe6 Be8 27.g5 Rd5 
28.h4 Ra5 29.Rc1+ Kd8 30.Rgd1 Ke7 31.Rc7+ Kd6 32.Rxb7 Ke5 33.e7 Rd5 34.
Rxa7 Rh7 35.Nc6+ Kd6 36.Rxd5+ Kxd5 37.Nd4 Rf7 38.b4 Kc4 39.b5 Kc5 40.a4 
1-0

[Event "51st Saaremaa Cup"]
[Site "Kuressaare"]
[Date "2022.06.08"]
[Round "5"]
[White "Kiik, Kalle"]
[Black "Haavamae, Henrik"]
[Result "1-0"]
[WhiteElo "2381"]
[BlackElo "2138"]
[EventDate "2022.06.08"]

1.Nf3 c5 2.c4 Nc6 3.d4 cxd4 4.Nxd4 e5 5.Nb5 d6 6.N1c3 a6 7.Na3 Nge7 8.g3 
f5 9.Be3 g6 10.Qd2 Bg7 11.O-O-O Nd4 12.Bg5 h6 13.Bxe7 Kxe7 14.Bg2 Rb8 15.
e3 Nc6 16.Qc2 Be6 17.c5 e4 18.Bf1 d5 19.Nc4 Qg8 20.Nb6 d4 21.exd4 Bxd4 22.
Be2 Rd8 23.f3 Bxa2 24.Qa4 Be3+ 25.Kc2 Rd4 26.b4 Nxb4+ 27.Kb2 Rd3 28.Rxd3 
exd3 29.Qxa2 dxe2 30.Qxg8 Rxg8 31.Nbd5+ Ke6 32.Nxe3 {time} 1-0

[Event "51st Saaremaa Cup"]
[Site "Kuressaare"]
[Date "2022.06.08"]
[Round "5"]
[White "Mendoza, Jonathan"]
[Black "Hansson, Markus"]
[Result "0-1"]
[WhiteElo "1785"]
[BlackElo "1724"]
[EventDate "2022.06.08"]

1.d4 d5 2.c4 c6 3.Nc3 Nf6 4.Nf3 e6 5.Bg5 Nbd7 6.e3 Be7 7.Rc1 O-O 8.Bd3 
dxc4 9.Bxc4 b5 10.Bd3 Bb7 11.O-O a6 12.Ne4 Nxe4 13.Bxe7 Qxe7 14.Bxe4 Rac8 
15.Nd2 e5 16.dxe5 Nxe5 17.Qc2 h6 18.Nf3 Nc4 19.Nd4 c5 20.Bxb7 Qxb7 21.Nf5 
Rc6 22.Rfd1 Rg6 23.g3 Ne5 24.Nh4 Re6 25.Qxc5 g5 26.Rd5 Rc6 27.Qxc6 Nxc6 
28.Nf5 Ne7 0-1

[Event "51st Saaremaa Cup"]
[Site "Kuressaare"]
[Date "2022.06.08"]
[Round "5"]
[White "Aura, Daniel"]
[Black "Aura, Kristian"]
[Result "1/2-1/2"]
[WhiteElo "1545"]
[BlackElo "1915"]
[EventDate "2022.06.08"]

1.e4 d5 2.exd5 Qxd5 3.Nc3 Qd8 4.d4 c6 5.Nf3 Bf5 6.Bc4 e6 7.Bg5 Be7 8.Bxe7 
Qxe7 9.Qe2 Nf6 10.Ne5 h6 11.g4 Bh7 12.O-O-O Nbd7 13.f4 Nd5 14.Nxd5 exd5 
15.Bd3 Bxd3 16.Qxd3 Nxe5 17.fxe5 O-O-O 18.Kb1 Qe6 19.Rhf1 Rd7 20.Qf5 Kd8 
21.Rf2 Re7 22.Rdf1 Ke8 23.Rf3 Kd7 24.h3 Rhe8 25.c3 Rh8 26.Qh5 Ke8 27.g5 
Rc7 28.Rg1 Qg6+ 29.Qxg6 fxg6 30.h4 Rf7 31.Rxf7 Kxf7 32.Rg2 hxg5 33.hxg5 
Rh5 34.Kc2 Ke6 35.Kd3 Rh3+ 1/2-1/2